000 03256cam a2200781 4500
002 7283
008 031103n2004 000 0 eng u
020 _a1873394578
035 _a(Sirsi) u124211
041 _aeng
050 _a693.1
_c18
100 _aSmith, Bernard
245 _aStone decay
_bits causes and controls
260 _aShaftesbury
_bDonhead
_c2004
300 _aiv, 306p.
_bill.
_c25cm.
350 _a37
505 _aIntroduction: the need for interdisciplinary thinking in stone decay and conservation studies
505 _aQuantification of the decay rates of cleaned and soiled building sandstones
505 _aDurability and rock properties
505 _aThe use of image analysis for quantitative monitoring of stone alteration
505 _aMechanisms of attack on limestone by NO2 and SO2.
505 _aWeathering of sandstone sculptures on Charles Bridge, Prague: influence of previous restoration
505 _aExperimental weathering of rhyolite tuff building stones and the effect of an organic polymer conserving agent
505 _aChemical composition of precipitation in Krakow: its role in salt weathering of stone building materials
505 _aInterpreting the spatial complexity of decay features on a sandstone wall: St Matthew's Church, Belfast
505 _aArkose 'Brownstone' tombstone weathering in Northeastern USA
505 _aWeathering of Portuguesemegaliths - evidence for rapid adjustment to new environmental conditions
505 _aInfluence of anthropogenic factors on weathering of the Carpathian flysch sandstones
505 _aObservations on stepkarren formed on limestone, gypsum and halite terrains
505 _aThe role of mechanical and biotic processes in solution flute development
505 _aWeathering scales, landscapes and change: some thoughts on links
520 _aSelected papers from the Stone Weathering and Atmospheric Pollution NETwork conference, which formed part of the Proceedings of Weathering 2000, an international symposium held in Belfast 26-30 June 2000. Provides insights into the nature of stone decay processes, the factors that control them and conservation issues.
650 _aSTONE DECAY
650 _aSTONE CONSERVATION
650 _aSTONE BUILDINGS
650 _aWEATHERING
650 _aSTONE REPAIR
690 _aBUILT ENVIRONMENT-BUILDING MAINTENANCE AND REFURBISHMENT-BUILDING CONSERVATION
700 _aTurkington, Alice
700 _aYoung, M.
700 _aBall, J.
700 _aLaing, R.
700 _aInkpen, R.
700 _aPetley, D.
700 _aMurphy, W.
700 _aLebrun, V.
700 _aToussaint, C.
700 _aPirard, E.
700 _aAllen, G.
700 _aEl-Turki, A.
700 _aHallam, K.
700 _aCoulson, E.
700 _aStowell, R.
700 _aPrikryl, R.
700 _aSvobodova, J.
700 _aHradil, D.
700 _aTorok, A.
700 _aGalos, M.
700 _aKocsanyi-Kopecsko, K.
700 _aWilczynska-Michalik, W.
700 _aMeierding, T.
700 _aPope, G.
700 _aMiranda, V.
700 _aMichalik, M.
700 _aMottershead, D.
700 _aLucas, G.
942 _n0
999 _c103171
_d103171